| 000 | 00451nam a2200193Ia 4500 | ||
|---|---|---|---|
| 008 | 170918s9999 xx 000 0 und d | ||
| 020 | _a9780060875350 | ||
| 050 | _bC672za 2005 | ||
| 100 | _aCoelho, Paulo | ||
| 245 | 4 | _aThe zahir : | |
| 245 | _ba novel of obsession / | ||
| 245 | _cby Paulo Coelho. | ||
| 260 | _aNew York : | ||
| 260 | _bHarper, | ||
| 260 | _c2005 | ||
| 300 | _a298 pages : | ||
| 300 | _billustration ; | ||
| 300 | _c17cm. | ||
| 999 |
_c344045 _d344045 |
||